[Event "It (open)"]
[Site "masterchessopen.com USA"]
[Round "7"]
[White "Grefe John A (USA)"]
[Black "Popovych Orest (USA)"]
[Result "0-1"]
[WhiteElo "2316"]
[BlackElo "2244"]

1.e4 c5 2.Nf3 d6 3.d4 cxd4 4.Nxd4 Nf6 5.Nc3 a6 6.Bg5 Nbd7 7.Bc4 Qa5 8.Qd2 e6
9.O-O Be7 10.Bb3 h6 11.Bxf6 Nxf6 12.f4 O-O 13.Kh1 Bd7 14.Rae1 Rad8 15.e5 dxe5
16.fxe5 Nh7 17.Qf4 Bg5 18.Qf2 Kh8 19.h4 Be7 20.Qg3 Bc8 21.Nce2 Rde8 22.c3 Qd8
23.Rf4 g5 24.hxg5 Bxg5 25.Bc2 Bxf4 26.Nxf4 Rg8 27.Qh3 f5 28.Qxh6 Qg5 29.Qh2
Qg3 30.Qxg3 Rxg3 31.Bb3 Ng5 32.a3 Ne4 {#R} 0-1

[Event "It (open)"]
[Site "masterchessopen.com USA"]
[Round "5"]
[White "Tomas Batet Joan (ESP)"]
[Black "Popovych Orest (USA)"]
[Result "0-1"]
[WhiteElo "1928"]
[BlackElo "2244"]

1.e4 c5 2.Nf3 d6 3.d4 cxd4 4.Nxd4 Nf6 5.Nc3 a6 6.Bg5 Nbd7 7.Bc4 Qa5 8.Qd2 e6
9.O-O-O b5 10.Bb3 Bb7 11.Rhe1 O-O-O 12.a3 h6 13.Bxf6 Nxf6 14.f4 d5 15.e5 Nd7
16.Kb1 Nc5 17.f5 Qc7 18.Qf4 Kb8 19.Ba2 Rc8 20.b4 Ne4 21.Nxe4 dxe4 22.Re2 Be7
23.fxe6 Bf6 24.Qf5 Bxe5 25.Nf3 exf3 {#R} 0-1

[Event "It \"]
[Site "masterchessopen.com Amsterdam (Netherlands)"]
[Round "0"]
[White "Tatai Stefano (ITA)"]
[Black "Hamann Svend (DEN)"]
[Result "0-1"]
[WhiteElo "2367"]
[BlackElo "2298"]

1.e4 c5 2.Nf3 d6 3.d4 cxd4 4.Nxd4 Nf6 5.Nc3 a6 6.Bg5 Nbd7 7.Bc4 Qa5 8.Qd2 e6
9.O-O-O b5 10.Bd5 exd5 11.exd5 Nc5 12.Rhe1+ Kd7 13.Nc6 Qb6 14.b4 Na4 15.Qd3
Nxc3 16.Qxc3 Ng4 17.Bd8 Qxf2 18.Rf1 Qe3+ 19.Qxe3 Nxe3 20.Rxf7+ Ke8 {#R} 0-1

[Event "Ch Estonia"]
[Site "masterchessopen.com Estonia"]
[Round "0"]
[White "Hermlin Aarne (EST)"]
[Black "Pohla Harry (EST)"]
[Result "0-1"]
[WhiteElo "2233"]
[BlackElo "2335"]

1.e4 c5 2.Nf3 d6 3.Nc3 Nf6 4.d4 cxd4 5.Nxd4 a6 6.Bg5 Nbd7 7.Bc4 Qa5 8.Qd2 e6
9.O-O Be7 10.Rad1 h6 11.Bh4 Ne5 12.Be2 Bd7 13.Bxf6 gxf6 14.f4 Qc5 15.Kh1 Nc4
16.Bxc4 Qxc4 17.f5 O-O-O 18.Nce2 Kb8 19.b3 Qc8 20.c4 Rdg8 21.Nf4 Rg4 22.Nh5
Rhg8 23.fxe6 fxe6 24.Nxf6 Bxf6 25.Rxf6 Rxg2 26.Rf2 R2g4 27.Ne2 Bc6 28.Qxd6+
Qc7 29.Qxc7+ Kxc7 30.Ng3 h5 31.b4 Rxe4 32.Kg1 Rxc4 {#R} 0-1

[Event "?"]
[Site "masterchessopen.com Sarajevo (Bosnia & Herzegovina)"]
[Round "0"]
[White "Parma Bruno (SLO)"]
[Black "Saidy Anthony F (USA)"]
[Result "1-0"]
[WhiteElo "2530"]
[BlackElo "2425"]

1.e4 c5 2.Nf3 d6 3.d4 cxd4 4.Nxd4 Nf6 5.Nc3 a6 6.Bg5 Nbd7 7.Bc4 Qa5 8.Qd2 e6
9.O-O-O b5 10.Bb3 Bb7 11.Rhe1 O-O-O 12.f3 h6 13.Bh4 g5 14.Bf2 Ne5 15.Kb1 Kb8
16.a4 bxa4 17.Bxa4 Be7 18.Qe3 Nfd7 19.Nb3 Qc7 20.Bxd7 Rxd7 21.Qa7+ Kc8 22.Na4
Nc6 23.Qe3 Kb8 24.Qc3 f6 25.Nd4 Nxd4 26.Qxd4 Bc6 27.Nb6 Rdd8 28.Qc4 d5 29.exd5
exd5 30.Qxa6 {#r} 1-0

[Event "?"]
[Site "masterchessopen.com URS"]
[Round "0"]
[White "Vitolins Alvis (LAT)"]
[Black "Hermlin Aarne (EST)"]
[Result "0-1"]
[WhiteElo "2435"]
[BlackElo "2233"]

1.Nf3 c5 2.e4 d6 3.d4 cxd4 4.Nxd4 Nf6 5.Nc3 a6 6.Bg5 Nbd7 7.Bc4 Qa5 8.Qd2 e6
9.O-O-O b5 10.Bb3 Bb7 11.Rhe1 O-O-O 12.a3 Kb8 13.f4 Rc8 14.e5 dxe5 15.fxe5 b4
16.Na2 Ne4 17.axb4 Qxe5 18.Rxe4 Qxe4 19.Nf3 Nf6 20.b5 axb5 21.Ne5 Bd5 22.Nc3
Rxc3 23.Qxc3 Bb4 24.Bxd5 Nxd5 25.Nc6+ Kb7 26.Qxg7 Rc8 27.Qd4 Qxg2 28.Nxb4
Qxg5+ 29.Kb1 Rc4 {#R} 0-1

[Event "Ch Europe (juniors) (under 20) (qual)"]
[Site "masterchessopen.com Groningen (Netherlands)"]
[Round "6"]
[White "Auchenberg Per (DEN)"]
[Black "Raaste Eero J (FIN)"]
[Result "0-1"]
[WhiteElo "2133"]
[BlackElo "2299"]

1.e4 c5 2.Nf3 d6 3.d4 cxd4 4.Nxd4 Nf6 5.Nc3 a6 6.Bg5 Nbd7 7.f4 Qb6 8.Qd2 Qxb2
9.Nb3 Nc5 10.Rb1 Nxb3 11.axb3 Qa3 12.Bxf6 gxf6 13.Nd5 Rb8 14.b4 Be6 15.Be2
Bxd5 16.exd5 f5 17.O-O Bg7 18.Rb3 Qa4 19.Rh3 Rc8 20.c4 b5 21.cxb5 axb5 22.Qd3
Qxb4 23.Qxf5 Rc5 24.Bg4 e6 25.Qg5 Qd4+ 26.Kh1 Rxd5 27.f5 b4 28.Rhf3 O-O 29.Rf4
Qd2 30.Qe7 exf5 31.Bxf5 Qxf4 {#R} 0-1

[Event "?"]
[Site "masterchessopen.com Yugoslavia"]
[Round "0"]
[White "Velimirovic Dragoljub (SRB)"]
[Black "Bogdanovic Rajko (BIH)"]
[Result "0-1"]
[WhiteElo "2510"]
[BlackElo "2308"]

1.e4 c5 2.Nf3 d6 3.d4 cxd4 4.Nxd4 Nf6 5.Nc3 a6 6.Bg5 Nbd7 7.f4 Qb6 8.Qd2 Qxb2
9.Nb3 e6 10.Bxf6 gxf6 11.Be2 Qa3 12.Bh5 Nc5 13.f5 Nxb3 14.cxb3 Bg7 15.O-O O-O
16.Rf3 Bd7 17.Raf1 Rac8 18.Kh1 Qc5 19.Rg3 Kh8 20.Rff3 Qe5 21.Rd3 d5 22.Rh3 Bb5
23.Rd4 dxe4 24.fxe6 f5 25.Rd5 Qxe6 26.Rd6 Qe5 27.Rd5 Qe6 28.Rd6 Qe7 29.Bd1
Rfd8 30.Rd5 Bd3 31.Qf4 Rxc3 32.Rxf5 {#R} 0-1

[Event "Olympiad"]
[Site "masterchessopen.com Nice (France)"]
[Round "0"]
[White "Bordonada Glenn (PHI)"]
[Black "Raaste Eero J (FIN)"]
[Result "1-0"]
[WhiteElo "2385"]
[BlackElo "2299"]

1.e4 c5 2.Nf3 d6 3.d4 cxd4 4.Nxd4 Nf6 5.Nc3 a6 6.Bg5 Nbd7 7.Bc4 Qa5 8.Qd2 e6
9.O-O-O b5 10.Bb3 Bb7 11.Rhe1 O-O-O 12.f3 Be7 13.a3 Kb8 14.Kb1 Rc8 15.f4 h6
16.Bxf6 Bxf6 17.f5 Bg5 18.Qf2 Rxc3 19.bxc3 Qxa3 20.fxe6 fxe6 21.e5 Nc5 22.exd6
Bf6 23.d7 Ka8 24.Nxe6 Ne4 25.Nc7+ Kb8 26.Rxe4 Bxe4 27.Qb6+ Bb7 28.Ne8 {#r} 1-0

[Event "?"]
[Site "masterchessopen.com San Feliu de Guixols (Spain)"]
[Round "0"]
[White "Bellon Lopez Juan Manuel (ESP)"]
[Black "Quinteros Miguel A (ARG)"]
[Result "1-0"]
[WhiteElo "2405"]
[BlackElo "2495"]

1.e4 c5 2.Nf3 d6 3.d4 cxd4 4.Nxd4 Nf6 5.Nc3 a6 6.Bg5 Nbd7 7.f4 b5 8.Qe2 Qc7
9.O-O-O Bb7 10.e5 dxe5 11.fxe5 Qxe5 12.Qxe5 Nxe5 13.Ncxb5 axb5 14.Bxb5+ Nfd7
15.Rhe1 f6 16.Rxe5 fxe5 17.Ne6 Kf7 18.Bxd7 Rxa2 19.Rf1+ {#r} 1-0

[Event "Ch Yugoslavia"]
[Site "masterchessopen.com Yugoslavia"]
[Round "0"]
[White "Matulovic Milan (SRB)"]
[Black "Buljovcic Ivan (SCG)"]
[Result "1-0"]
[WhiteElo "2530"]
[BlackElo "2301"]

1.e4 c5 2.Nf3 d6 3.d4 cxd4 4.Nxd4 Nf6 5.Nc3 a6 6.Bg5 Nbd7 7.Bc4 Qa5 8.Qd2 e6
9.O-O-O Be7 10.f4 h6 11.Bh4 Nb6 12.Bb3 Nxe4 13.Nxe4 Qxd2+ 14.Rxd2 Bxh4 15.Nf3
Bf6 16.Nxd6+ Ke7 17.Rhd1 a5 18.a4 Ra7 19.f5 Bd7 20.Nxf7 Kxf7 21.Rxd7+ Nxd7
22.Bxe6+ Ke8 23.Rxd7 Rf8 24.c3 {#r} 1-0

[Event "?"]
[Site "masterchessopen.com Yugoslavia"]
[Round "0"]
[White "Planinec Albin (SLO)"]
[Black "Buljovcic Ivan (SCG)"]
[Result "1-0"]
[WhiteElo "2535"]
[BlackElo "2301"]

1.e4 c5 2.Nf3 d6 3.d4 cxd4 4.Nxd4 Nf6 5.Nc3 a6 6.Bg5 Nbd7 7.Bc4 e6 8.Qe2 Nb6
9.Bb3 Be7 10.f4 h6 11.Bh4 Nfd7 12.Bxe7 Qxe7 13.O-O Nc5 14.a4 Nxb3 15.cxb3 O-O
16.Rad1 e5 17.Nf5 Bxf5 18.exf5 Rfe8 19.f6 Qxf6 20.Ne4 Qe6 21.Nxd6 Re7 22.f5
Qxb3 23.f6 Re6 24.fxg7 Rd8 25.Nf5 Rxd1 26.Qxd1 Qd5 27.Qh5 Qc5+ 28.Kh1 Qc4
29.Rd1 Qxa4 30.Rd8+ {#r} 1-0

[Event "It"]
[Site "masterchessopen.com New York (USA)"]
[Round "0"]
[White "Fedorowicz John P (USA)"]
[Black "Popovych Orest (USA)"]
[Result "1-0"]
[WhiteElo "2440"]
[BlackElo "2244"]

1.e4 c5 2.Nf3 d6 3.d4 cxd4 4.Nxd4 Nf6 5.Nc3 a6 6.Bg5 Nbd7 7.Bc4 Qa5 8.Qd2 e6
9.O-O-O b5 10.Bb3 Bb7 11.Rhe1 O-O-O 12.a3 Kb8 13.f4 Rc8 14.e5 dxe5 15.fxe5 b4
16.Na2 Ne4 17.Rxe4 Bxe4 18.axb4 Qc7 19.Nxe6 fxe6 20.Qxd7 Qxe5 21.Qd2 Qf5
22.Be3 Be7 23.Qd4 Rc7 24.Nc3 Bd5 25.Nxd5 exd5 26.Bf4 Bg5 27.Qb6+ Ka8 28.Bxd5+
Qxd5 29.Rxd5 Bxf4+ 30.Kb1 {#r} 1-0

[Event "corr."]
[Site "masterchessopen.com Czechoslovakia"]
[Round "0"]
[White "Vesely Jaromir (CZE)"]
[Black "Bartek Ladislav (SVK)"]
[Result "1-0"]
[WhiteElo "1979"]
[BlackElo "2031"]

1.e4 c5 2.Nf3 d6 3.d4 cxd4 4.Nxd4 Nf6 5.Nc3 a6 6.Bg5 Nbd7 7.Bc4 b5 8.Bd5 Nxd5
9.Nxd5 Bb7 10.O-O h6 11.Ne6 Bxd5 12.Nxd8 Rxd8 13.Qxd5 hxg5 14.Qxg5 {#r} 1-0

[Event "Ch Sweden"]
[Site "masterchessopen.com Sweden"]
[Round "0"]
[White "Ostberg Peter (SWE)"]
[Black "Hammar Bengt (SWE)"]
[Result "1-0"]
[WhiteElo "2228"]
[BlackElo "2256"]

1.e4 c5 2.Nf3 d6 3.d4 cxd4 4.Nxd4 Nf6 5.Nc3 a6 6.Bg5 Nbd7 7.Bc4 Qa5 8.Qd2 e6
9.O-O Be7 10.Rac1 h6 11.Bh4 Ne5 12.Bb3 g5 13.Bg3 Bd7 14.f4 gxf4 15.Rxf4 Nh7
16.Rf2 O-O-O 17.Nd5 Qxd2 18.Nxe7+ Kc7 19.Rxd2 Rhe8 20.Nf3 {#r} 1-0

[Event "It"]
[Site "masterchessopen.com Eksjo (Sweden)"]
[Round "8"]
[White "Wedberg Tom (SWE)"]
[Black "Danner Georg (AUT)"]
[Result "1-0"]
[WhiteElo "2425"]
[BlackElo "2408"]

1.e4 c5 2.Nf3 d6 3.d4 cxd4 4.Nxd4 Nf6 5.Nc3 a6 6.Bg5 Nbd7 7.Bc4 Qa5 8.Qd2 e6
9.O-O-O b5 10.Bb3 Bb7 11.Rhe1 O-O-O 12.a3 Be7 13.f4 Nc5 14.f5 b4 15.axb4 Qa1+
16.Nb1 Nfxe4 17.Bxe7 Nxd2 18.Rxd2 Ne4 19.Rde2 Rd7 20.c3 exf5 21.Bh4 Nc5
22.bxc5 Be4 23.Rxe4 fxe4 24.c6 Rc7 25.Rxe4 Qa5 26.Nd2 Qc5 27.Bc4 Ra7 28.b4 Qb6
29.Bd5 g6 30.Nc4 Qb8 31.Bg3 Rd8 32.Nxd6+ {#r} 1-0

[Event "Ch Denmark (juniors)"]
[Site "masterchessopen.com Hinnerup (Denmark)"]
[Round "4"]
[White "Jonsson Johannes G (ISL)"]
[Black "Holmsgaard Henrik (DEN)"]
[Result "0-1"]
[WhiteElo "2315"]
[BlackElo "2320"]

1.e4 c5 2.Nf3 d6 3.d4 cxd4 4.Nxd4 Nf6 5.Nc3 a6 6.Bg5 Nbd7 7.Bc4 Qa5 8.Qd2 e6
9.O-O-O b5 10.Bb3 Bb7 11.Rhe1 O-O-O 12.a3 Be7 13.f4 h6 14.Bh4 g5 15.fxg5 hxg5
16.Bxg5 Rxh2 17.Kb1 Kb8 18.Rf1 Qb6 19.Rf2 Rc8 20.Re1 Rh5 21.g4 Rxg5 22.Qxg5
Qxd4 23.Rff1 Nd5 24.Qh5 Nxc3+ 25.bxc3 Qxc3 26.Qxf7 Bf6 {#R} 0-1

[Event "It (open) \"]
[Site "masterchessopen.com New York (USA)"]
[Round "8"]
[White "Paolozzi Marcos (BRA)"]
[Black "Popovych Orest (USA)"]
[Result "0-1"]
[WhiteElo "2310"]
[BlackElo "2244"]

1.e4 c5 2.Nf3 d6 3.d4 cxd4 4.Nxd4 Nf6 5.Nc3 a6 6.Bg5 Nbd7 7.Bc4 Qa5 8.Qd2 e6
9.O-O-O b5 10.Bb3 Bb7 11.Rhe1 O-O-O 12.a3 Kb8 13.f4 Rc8 14.Bxf6 Nxf6 15.f5 b4
16.axb4 Qa1+ 17.Nb1 e5 18.Nf3 Nxe4 19.Rxe4 Bxe4 20.Ng5 Bb7 21.Nxf7 Be7 22.Nxh8
Rxh8 23.g3 d5 24.Qe3 Bf6 25.h4 d4 26.Qf2 Rd8 27.g4 Ka8 28.g5 Be7 29.Qe1 e4
30.Qg3 Bd6 31.Qf2 Be5 {#R} 0-1

[Event "Ch URS"]
[Site "masterchessopen.com Tallinn (Estonia)"]
[Round "0"]
[White "Klovans Janis (LAT)"]
[Black "Hermlin Aarne (EST)"]
[Result "1-0"]
[WhiteElo "2436"]
[BlackElo "2233"]

1.e4 c5 2.Nf3 d6 3.d4 cxd4 4.Nxd4 Nf6 5.Nc3 a6 6.Bg5 Nbd7 7.f4 Qb6 8.Qd2 Qxb2
9.Rb1 Qa3 10.Bxf6 gxf6 11.Nd5 Qc5 12.Rb3 e6 13.Rc3 Qa7 14.Nc7+ Ke7 15.Bxa6 Nc5
16.Ndb5 Qb6 17.Nxa8 Qxa6 18.Rxc5 dxc5 19.e5 Bd7 20.Nac7 Qc6 21.exf6+ Kxf6
22.O-O Rg8 23.f5 e5 24.Nd5+ Kg7 25.c4 Kh8 26.Nbc3 Bh6 27.Qe2 Re8 28.Ne4 b5
29.Nef6 bxc4 30.Qh5 Be3+ 31.Kh1 h6 32.Qxf7 {#r} 1-0

[Event "It (w)"]
[Site "masterchessopen.com Piotrkow Trybunalski (Poland)"]
[Date "1979.05.20"]
[Round "2"]
[White "Semenova Lidia K (UKR)"]
[Black "Jicman Ligia-Letitia (ROM)"]
[Result "1-0"]
[WhiteElo "2209"]
[BlackElo "2187"]

1.e4 c5 2.Nf3 d6 3.d4 Nf6 4.Nc3 cxd4 5.Nxd4 a6 6.Bg5 Nbd7 7.Bd3 e6 8.O-O Be7
9.Kh1 Qc7 10.a4 b6 11.f4 O-O 12.Qe2 Re8 13.Rae1 h6 14.Bh4 Qc5 15.Nb3 Qb4
16.Bg3 e5 17.Ra1 d5 18.fxe5 dxe4 19.Nxe4 Nxe5 20.Bxe5 Bg4 21.Qf2 {#r} 1-0

[Event "Olympiad"]
[Site "masterchessopen.com Malta"]
[Round "0"]
[White "Hebert Jean (CAN)"]
[Black "Ziska Bogi (FAI)"]
[Result "1-0"]
[WhiteElo "2416"]
[BlackElo "2202"]

1.e4 c5 2.Nf3 d6 3.d4 cxd4 4.Nxd4 Nf6 5.Nc3 a6 6.Bg5 Nbd7 7.Bc4 e6 8.Qe2 Qa5
9.f4 Be7 10.O-O-O b5 11.Bxe6 fxe6 12.Nxe6 Kf7 13.e5 Nxe5 14.fxe5 Bxe6 15.exf6
b4 16.Rd5 Qb6 17.Re1 {#r} 1-0

[Event "Tournament (team)"]
[Site "masterchessopen.com Platja d'Aro Barcino (Spain)"]
[Round "1"]
[White "Martin Andrew D (ENG)"]
[Black "Ungureanu Emil (ROM)"]
[Result "1-0"]
[WhiteElo "2399"]
[BlackElo "2188"]

1.e4 c5 2.Nf3 d6 3.d4 cxd4 4.Nxd4 Nf6 5.Nc3 a6 6.Bg5 Nbd7 7.f4 b5 8.Bxf6 gxf6
9.Qh5 Qb6 10.O-O-O Bb7 11.Nd5 Bxd5 12.exd5 Rc8 13.Be2 Qc5 14.Bg4 Rc7 15.Be6
Ne5 16.fxe5 {#r} 1-0

[Event "It (a)"]
[Site "masterchessopen.com Wroclaw (Poland)"]
[Round "13"]
[White "Pinkas Karol (POL)"]
[Black "Danner Georg (AUT)"]
[Result "0-1"]
[WhiteElo "2320"]
[BlackElo "2408"]

1.e4 c5 2.Nf3 d6 3.d4 cxd4 4.Nxd4 Nf6 5.Nc3 a6 6.Bg5 Nbd7 7.Bc4 Qa5 8.Qd2 e6
9.O-O-O b5 10.Bxe6 fxe6 11.Nxe6 Kf7 12.Nxf8 Rxf8 13.Qxd6 b4 14.Bxf6 Nxf6
15.Nd5 Ra7 16.Nxf6 gxf6 17.Qd5+ Qxd5 18.Rxd5 Be6 19.Rd4 a5 20.Kd2 Rc8 21.Rc1
Rac7 22.b3 Ke7 23.Rd3 Rc5 24.f4 Rg8 25.g3 Rgc8 26.c4 a4 27.bxa4 Rxc4 28.Rxc4
Rxc4 29.Re3 Rd4+ {#R} 0-1

[Event "Tournament"]
[Site "masterchessopen.com Leningrad (Russia)"]
[Round "0"]
[White "Agapov K (RUS)"]
[Black "Belov Igor (RUS)"]
[Result "1-0"]
[WhiteElo "2395"]
[BlackElo "2422"]

1.e4 c5 2.Nf3 d6 3.d4 cxd4 4.Nxd4 Nf6 5.Nc3 a6 6.Bg5 Nbd7 7.f4 Qb6 8.Qd2 Qxb2
9.Nb3 e6 10.Bxf6 gxf6 11.Be2 Qa3 12.O-O Be7 13.Kh1 Nc5 14.f5 Bd7 15.fxe6 fxe6
16.e5 fxe5 17.Bh5+ Kd8 18.Rf7 Nxb3 19.cxb3 d5 20.Qe3 Qd6 21.Ne4 Qb4 22.Rxe7
Qxe4 23.Qg5 Kc7 24.Rc1+ Kb6 25.Rxd7 Rac8 26.Bf3 Qb4 27.Qe3+ Ka5 28.a3 Qxa3
29.b4+ Qxb4 {#r} 1-0

[Event "Ch Argentina (1/2 final)"]
[Site "masterchessopen.com Buenos Aires (Argentina)"]
[Round "0"]
[White "Garbarino Rodolfo (ARG)"]
[Black "Sabas Jorge (ARG)"]
[Result "1-0"]
[WhiteElo "2339"]
[BlackElo "2276"]

1.e4 c5 2.Nf3 d6 3.d4 cxd4 4.Nxd4 Nf6 5.Nc3 a6 6.Bg5 Nbd7 7.f4 Qb6 8.Qd2 Qxb2
9.Rb1 Qa3 10.Bxf6 gxf6 11.Nd5 Qxa2 12.Qb4 Kd8 13.Rb3 Qa1+ 14.Kf2 e6 15.Rb1 Qa2
16.Bc4 a5 17.Qc3 Nc5 18.Nc6+ bxc6 19.Qxf6+ Ke8 20.Nc7+ Kd7 21.Qxf7+ Be7
22.Bxa2 {#r} 1-0

[Event "Olympiad"]
[Site "masterchessopen.com Lucerne (Switzerland)"]
[Round "0"]
[White "Van Der Wiel John T H (NED)"]
[Black "Danner Georg (AUT)"]
[Result "1-0"]
[WhiteElo "2520"]
[BlackElo "2408"]

1.e4 c5 2.Nf3 d6 3.d4 cxd4 4.Nxd4 Nf6 5.Nc3 a6 6.Bg5 Nbd7 7.f4 Qb6 8.Qd2 Qxb2
9.Rb1 Qa3 10.Bxf6 gxf6 11.Nd5 Rb8 12.Rb3 Qxa2 13.Qb4 a5 14.Qc3 e6 15.Bb5 a4
16.Qc7 exd5 17.Qxb8 Kd8 18.Bxd7 Kxd7 19.Rxb7+ {#r} 1-0

[Event "Ch URS (qual)"]
[Site "masterchessopen.com Severodonetsk (Ukraine)"]
[Round "0"]
[White "Tseitlin Mark D (ISR)"]
[Black "Karasev Vladimir I (RUS)"]
[Result "1-0"]
[WhiteElo "2403"]
[BlackElo "2372"]

1.e4 c5 2.Nf3 d6 3.d4 Nf6 4.Nc3 cxd4 5.Nxd4 a6 6.Bg5 Nbd7 7.Bc4 h6 8.Be3 e6
9.O-O Nc5 10.Qf3 b5 11.b4 { ! } 11...bxc4 12.bxc5 dxc5 13.Nf5 { ! } 13...Bb7 (
13...exf5 14.exf5 Ra7 15.Rfe1 Be7 16.Bxc5 Rd7 17.Bxe7 Rxe7 18.Qc6+ Nd7 19.Nd5
{ ! } 19...Rxe1+ 20.Rxe1+ Kf8 21.Qd6+ Kg8 22.Ne7+ Kh7 23.Qg6+ fxg6 24.fxg6# )
14.Rab1 Qc8 15.Ng3 Be7 16.Na4 Nd7 17.Nh5 Kf8 ( 17...O-O 18.Qg4 ) 18.Nb6 Nxb6
19.Rxb6 g6 20.Rfb1 Ra7 21.Nf4 Kg7 22.Bd2 Bf6 23.Qg3 Kh7 24.Rxe6 { !? }
24...Bg5 25.Reb6 Bxe4 26.h4 Bd8 27.Rb8 Qf5 28.Bc3 Bf6 { ? } ( { ? } 28...Re8 )
29.Nh5 { !! } 29...Rxb8 ( 29...gxh5 30.Rxh8+ Bxh8 31.Rb8 { ! } ) 30.Nxf6+ Qxf6
31.Rxb8 1-0

[Event "Ch Manhattan Chess Club"]
[Site "masterchessopen.com New York (USA)"]
[Round "0"]
[White "Vialet Theodore (USA)"]
[Black "Shainswit George"]
[Result "1-0"]
[WhiteElo "2066"]
[BlackElo "2205"]

1.e4 c5 2.Nf3 d6 3.d4 cxd4 4.Nxd4 Nf6 5.Nc3 a6 6.Bg5 Nbd7 7.Bc4 Qc7 8.Qe2 b5
9.Bb3 Bb7 10.f4 b4 11.Nd5 Nxd5 12.Bxd5 e6 13.Bxe6 fxe6 14.Nxe6 Qc6 15.O-O-O
Rc8 16.Nd4 Qc4 17.Qg4 Qxa2 18.Rhe1 g6 19.e5 dxe5 20.Nb3 Nc5 {#r} 1-0

[Event "Memorial Dr. Lang (a)"]
[Site "masterchessopen.com Brno (Czech Republic)"]
[Round "0"]
[White "Stypka Mieczyslaw (POL)"]
[Black "Sevcik Vladimir (CZE)"]
[Result "0-1"]
[WhiteElo "2219"]
[BlackElo "2247"]

1.e4 c5 2.Nf3 d6 3.d4 cxd4 4.Nxd4 Nf6 5.Nc3 a6 6.Bg5 Nbd7 7.f4 b5 8.Bd3 Qb6
9.Nf3 b4 10.Ne2 Bb7 11.Ng3 Ng4 12.Qe2 h6 13.Bh4 e5 14.f5 Be7 15.Bxe7 Kxe7
16.Nd2 Ngf6 17.Nh5 Nxh5 18.Qxh5 Nf6 19.Qe2 a5 20.Qf2 Qxf2+ 21.Kxf2 Rhc8
22.Rhe1 Ba6 23.Ke2 Rxc2 24.Bxa6 Rxa6 25.Kd3 Rac6 26.Rab1 a4 27.Re3 Ng4 28.Rg3
Nf2+ 29.Ke3 Rxd2 30.f6+ gxf6 31.Kxd2 {#R} 0-1

[Event "It (open)"]
[Site "masterchessopen.com Mar del Plata (Argentina)"]
[Round "0"]
[White "Rosito Jorge (ARG)"]
[Black "Cid Marino Alejandro (ARG)"]
[Result "1-0"]
[WhiteElo "2398"]
[BlackElo "2340"]

1.e4 c5 2.Nf3 d6 3.d4 cxd4 4.Nxd4 Nf6 5.Nc3 a6 6.Bg5 Nbd7 7.f4 Qb6 8.Qd2 Qxb2
9.Rb1 Qa3 10.Bxf6 gxf6 11.Be2 Qc5 12.Rb3 e6 13.f5 Ke7 14.fxe6 fxe6 15.Nxe6
Kxe6 16.Nd5 h5 17.Rc3 Qa7 18.Nf4+ Kf7 19.Qd5+ Ke8 20.Qe6+ Be7 21.Nd5 Rh7
22.Bxh5+ Kf8 23.Rg3 Rg7 24.Rxg7 Kxg7 25.Qxe7+ Kh6 26.Qe8 Ne5 27.Qh8+ {#r} 1-0

[Event "It (open)"]
[Site "masterchessopen.com Aachen (Germany)"]
[Round "0"]
[White "Keitlinghaus Ludger (GER)"]
[Black "Gross Georg (GER)"]
[Result "0-1"]
[WhiteElo "2410"]
[BlackElo "2310"]

1.e4 c5 2.Nf3 d6 3.d4 cxd4 4.Nxd4 Nf6 5.Nc3 a6 6.Bg5 Nbd7 7.Qe2 h6 8.Bxf6 Nxf6
9.O-O-O e5 10.Nf5 g6 11.Ne3 Be6 12.g3 Rc8 13.Bg2 Qa5 14.Kb1 Rxc3 15.bxc3 Bxa2+
16.Kc1 d5 17.exd5 Qxc3 18.Rd3 Ba3+ 19.Kd1 Qb2 20.Ke1 e4 21.Rd1 O-O 22.Kf1 b5
23.d6 Rd8 24.Bh3 Rxd6 25.c4 Rxd1+ 26.Qxd1 Bxc4+ 27.Nxc4 bxc4 {#R} 0-1

[Event "It (open)"]
[Site "masterchessopen.com Belgorod (Russia)"]
[Round "0"]
[White "Elizarov Andrey (RUS)"]
[Black "Anastasian Ashot (ARM)"]
[Result "0-1"]
[WhiteElo "2338"]
[BlackElo "2475"]

1.e4 c5 2.Nf3 d6 3.d4 cxd4 4.Nxd4 Nf6 5.Nc3 a6 6.Bg5 Nbd7 7.Bc4 g6 8.Qe2 Bg7
9.O-O-O O-O 10.f4 Nb6 11.Bb3 Bg4 12.Nf3 Qc7 13.h3 Bxf3 14.gxf3 Nh5 15.Qe3 Rfe8
16.Nd5 Nxd5 17.Rxd5 e6 18.Rd2 b5 19.f5 a5 20.fxe6 fxe6 21.a3 a4 22.Ba2 b4
23.axb4 a3 24.bxa3 Bc3 25.Rd3 Rxa3 26.Bb1 Rb8 27.Qf2 Rxb4 28.Rxc3 Rxb1+ {#R}
0-1

[Event "Ch Germany (w) (open)"]
[Site "masterchessopen.com Bad Neustadt (Germany)"]
[Round "0"]
[White "Derlich Karin (GER)"]
[Black "Beltz Martina (GER)"]
[Result "0-1"]
[WhiteElo "2074"]
[BlackElo "2082"]

1.e4 c5 2.Nf3 d6 3.d4 cxd4 4.Nxd4 Nf6 5.Nc3 a6 6.Bg5 Nbd7 7.f4 b5 8.Qf3 Bb7
9.Bd3 g6 10.O-O-O Bg7 11.a3 Qb6 12.Nde2 b4 13.axb4 Qxb4 14.Qe3 Rc8 15.Rhe1 O-O
16.Qd4 Qa5 17.Qa4 Qc7 18.Ng3 Nc5 19.Qa3 Ng4 20.Rd2 Nxh2 21.Nd5 Bxd5 22.exd5
Rb8 23.Rxe7 Qc8 24.b4 Nxd3+ 25.Rxd3 h6 26.Ne4 hxg5 27.fxg5 Qf5 28.Nxd6 Qxg5+
29.Ree3 Ng4 30.Ne4 Qf4 {#R} 0-1

[Event "Ch Hungary (corr.)"]
[Site "masterchessopen.com Hungary"]
[Round "0"]
[White "Gosztola Istvan (HUN)"]
[Black "Andic B (BIH)"]
[Result "1-0"]
[WhiteElo "2138"]
[BlackElo "2125"]

1.e4 c5 2.Nf3 d6 3.d4 cxd4 4.Nxd4 Nf6 5.Nc3 a6 6.Bg5 Nbd7 7.Bc4 b5 8.Bd5 Nxd5
9.Nxd5 Bb7 10.O-O Nb6 11.Nxb6 Qxb6 12.Re1 g6 13.a4 Qc5 14.Be3 bxa4 15.Rxa4
Bxe4 16.Nb3 Bxc2 17.Qf3 Rc8 18.Rc4 Qxc4 19.Qa8 Kd7 20.Qb7+ Qc7 21.Qxc7+ Kxc7
22.Rc1 Bg7 23.Rxc2+ Kd7 24.Nc1 Rb8 25.b3 d5 26.Ra2 d4 27.Bd2 Rb6 28.f4 f6
29.Kf2 f5 30.Nd3 {#r} 1-0

[Event "It (open)"]
[Site "masterchessopen.com Tel Aviv (Israel)"]
[Round "0"]
[White "Gonen Nachum (ISR)"]
[Black "Porper Eduard (CAN)"]
[Result "0-1"]
[WhiteElo "1994"]
[BlackElo "2449"]

1.e4 c5 2.Nf3 d6 3.d4 cxd4 4.Nxd4 Nf6 5.Nc3 a6 6.Bg5 Nbd7 7.Qd2 h6 8.Bxf6 Nxf6
9.g3 e5 10.Nde2 Qb6 11.Bg2 h5 12.b3 h4 13.h3 hxg3 14.Nxg3 g6 15.Na4 Qc6 16.Qc3
Qxc3+ 17.Nxc3 Be6 18.O-O-O Rc8 19.Nd5 Nxd5 20.exd5 Bd7 21.Kb2 Rh4 22.Ne4 Ke7
23.Rde1 Bg7 24.Ng5 Rf4 25.Re2 b5 26.h4 b4 27.Bh3 f5 28.Bg2 Bb5 29.Rd2 e4+
30.Kb1 Bc3 31.Rdd1 Rxf2 32.Bf1 Be5 {#R} 0-1

[Event "It \"]
[Site "masterchessopen.com Philadelphia (USA)"]
[Round "0"]
[White "Cooke Eric (USA)"]
[Black "De Fotis Gregory (USA)"]
[Result "0-1"]
[WhiteElo "2148"]
[BlackElo "2390"]

1.e4 c5 2.Nf3 d6 3.d4 cxd4 4.Nxd4 Nf6 5.Nc3 a6 6.Bg5 Nbd7 7.f4 h6 8.Bh4 e5
9.fxe5 dxe5 10.Nf5 g6 11.Nd6+ Bxd6 12.Qxd6 Nxe4 13.Bxd8 Nxd6 14.Bc7 Nf5 15.Nd5
O-O 16.O-O-O Kg7 17.Bd3 f6 18.b4 b5 19.Bxf5 gxf5 20.Ne7 Nb8 21.Rd3 Be6 22.Rhd1
Rf7 23.Rg3+ Kh7 24.Bd6 Nd7 25.Rh3 Nb6 26.Rf3 f4 27.Bc5 Nc4 28.Nc6 Bg4 29.Rd8
Bxf3 {#R} 0-1